Femmes célèbres - Quiz d'images n°4 - Statistiques

Statistiques générales
  • Ce quiz a été pris 192 fois
  • Le résultat moyen est 8 sur 15
Statistiques - réponses
Par images Hint Réponse % Correct
Écrivain Anne Frank
90%
reine de France Marie-Antoinette de Habsbourg-Lorraine
88%
auteur de Harry Potter J.K. Rowling
87%
nonne Mère Teresa
74%
romancière, dramaturge, épistolière, critique littéraire et journaliste. "Un hiver à Majorque" George Sand
69%
actrice oscarisée Audrey Hepburn
63%
danseuse, espionne Mata Hari
60%
actrice oscarisée Meryl Streep
59%
(Ex-)Première ministre du Royaume-Uni Theresa May
47%
actrice oscarisée, chanteuse Barbra Streisand
42%
artiste expérimentale, poète, performeuse, musicienne Yoko Ono
37%
Écrivain
(Mrs Dalloway, Orlando)
Virginia Woolf
21%
actrice; "la Divine" ou "l'Impératrice du théâtre" Sarah Bernhardt
18%
lauréate du prix Nobel de la paix Aung San Suu Kyi
17%
Première ministre, femme d'État pakistanaise,
assassinée à 2007
Benazir Bhutto
16%
Aucun quiz correspondant
Distribution des résultats
% des personnes avec chaque résultat
Percentile par nombre de réponses
Votre historique - résultats
Vous n’avez pas pris ce quiz